2024 UEFA Euro Knockout Stage. - Statistics

General Stats
  • This quiz has been taken 51 times
  • The average score is 14 of 16
Answer Stats
Answer % Correct
England
100%
Spain
100%
Netherlands
98%
Portugal
98%
Germany
98%
France
96%
Turkey
89%
Italy
89%
Switzerland
87%
Slovenia
85%
Austria
83%
Denmark
83%
Georgia
83%
Slovakia
83%
Belgium
80%
Romania
63%
No matching quizzes found
Score Distribution
Percent of People with Each Score
Percentile by Number Answered
Your Score History
You have not taken this quiz